| 000 | 00000nam 2200000za 4500 |
| 001 | 9.695533 |
| 003 | CaOODSP |
| 005 | 20220805091633 |
| 007 | cr ||||||||||| |
| 008 | 150407|2001||||xxc|||||o f|0| 0 eng d |
| 020 | |a0-662-31138-8 |
| 040 | |aCaOODSP|beng |
| 043 | |an-cn--- |
| 086 | 1 |aH114-4/2001E-IN |
| 110 | 1 |aCanada. |bPest Management Regulatory Agency. |
| 245 | 10|aAdministrative monetary penalties (AMPs) |h[electronic resource] |
| 260 | |bHealth Canada. |cc2001. |
| 300 | |a18p.|btable, tables |
| 500 | |a"Notice of violation"--p.1 of 18. The catalogue number (H114-4/2001) and ISBN (0-662-66064-1) for the bilingual print edition have been incorrectly copied in this electronic publication. |
| 590 | |a12-08-Supp|b2012-03-16 |
| 690 | 07|aEconomic sanctions|2gcpds |
| 690 | 07|aPesticides|2gcpds |
| 775 | 08|tLes sanctions administratives pécuniaires (SAP) |w(CaOODSP)9.639665 |
| 776 | 0#|tAdministrative Monetary Penalties (AMPs) |w(CaOODSP)9.663185 |
| 776 | 0#|tLes sanctions administratives pécuniaires (SAP) |w(CaOODSP)9.663186 |
| 794 | |tPest Management Regulatory Agency, administrative monetary penalties (AMPs) |w(CaOODSP)9.697058 |
| 856 | 40|ahttp://publications.gc.ca|qPDF|s70 KB|uhttps://publications.gc.ca/collections/Collection/H114-4-2001E.pdf |